| 000 | 00688nam a22002297a 4500 | ||
|---|---|---|---|
| 003 | 0 | ||
| 005 | 20241026090606.0 | ||
| 008 | 241026b xxu||||| |||| 00| 0 eng d | ||
| 020 | _a9781647285562 | ||
| 050 |
_aHD 59 _b.C43 2024 |
||
| 100 |
_aChapman, Ezekiel, _eauthor. |
||
| 245 |
_aFundamentals of public relations / _cEzekiel Chapman. |
||
| 260 |
_aForest Hills, NY : _bWillford Press, _c2024. |
||
| 300 |
_aviii, 216 p. : _bill. ; _c26 cm. |
||
| 490 | _aKnowledge Series. | ||
| 504 | _aIncludes bibliographical references and index. | ||
| 650 | _aPublic relations. | ||
| 650 | _aIndustrial publicity. | ||
| 650 | _aStrategic planning. | ||
| 650 | _aTactics. | ||
| 942 |
_2lcc _cBK |
||
| 999 |
_c366620 _d366620 |
||